[Event "Wch Seniors 65 28th"]
[Site "Bled"]
[Date "2018.11.22"]
[Round "5"]
[White "Korenevski, Oleg"]
[Black "Goncharov, Viktor1111"]
[Result "1/2-1/2"]
[WhiteElo "1797"]
[BlackElo "2048"]
[PlyCount "45"]
[EventDate "2018.11.18"]
[EventType "swiss"]
[EventRounds "11"]
[EventCountry "SLO"]
[SourceTitle "CBM 187 Extra"]
[Source "ChessBase"]
[SourceDate "2018.11.04"]
[SourceVersion "1"]
[SourceVersionDate "2018.11.04"]
[SourceQuality "1"]

1. d4 Nf6 2. Nf3 b6 3. g3 Bb7 4. Bg2 c5 5. 0-0 cxd4 6. Nxd4 Bxg2 7. Kxg2 g6 8. b3 Bg7 9. Bb2 h5 10. h4 Qc8 11. Nf3 0-0 12. c4 Qb7 13. Nbd2 Na6 14. Rc1 Rac8 15. Qc2 b5 16. Qb1 bxc4 17. Nxc4 Nc5 18. Kg1 d6 19. Ng5 Nfe4 20. Nxe4 Qxe4 21. Qxe4 Nxe4 22. Bxg7 Kxg7 23. Rfd1 1/2-1/2

[Event "Wch Seniors 65 28th"]
[Site "Bled"]
[Date "2018.11.19"]
[Round "2"]
[White "Kierzek, Matthias"]
[Black "Korenevski, Oleg"]
[Result "1-0"]
[WhiteElo "2182"]
[BlackElo "1797"]
[PlyCount "41"]
[EventDate "2018.11.18"]
[EventType "swiss"]
[EventRounds "11"]
[EventCountry "SLO"]
[SourceTitle "CBM 187 Extra"]
[Source "ChessBase"]
[SourceDate "2018.11.04"]
[SourceVersion "1"]
[SourceVersionDate "2018.11.04"]
[SourceQuality "1"]

1. d4 d5 2. c4 e6 3. Nf3 c6 4. Qc2 Nf6 5. Bf4 Bd6 6. e3 Qc7 7. g3 dxc4 8. Bxc4 Nbd7 9. Bxd6 Qxd6 10. Nc3 b5 11. Be2 Bb7 12. 0-0 a6 13. Ne4 Nxe4 14. Qxe4 f5 15. Qh4 c5 16. dxc5 Nxc5 17. Ng5 Qe7 18. Bh5+ Kf8 19. Qd4 Rd8 20. Qxc5 Qxc5 21. Nxe6+ 1-0

[Event "Oceania zt 3.6"]
[Site "Auckland"]
[Date "2017.01.15"]
[Round "3"]
[White "Korenevski, Oleg"]
[Black "Rains, Edward"]
[Result "0-1"]
[WhiteElo "1782"]
[BlackElo "2017"]
[PlyCount "114"]
[EventDate "2017.01.14"]
[EventType "swiss"]
[EventRounds "9"]
[EventCountry "NZL"]
[SourceTitle "CBM 176 Extra"]
[Source "ChessBase"]
[SourceDate "2017.03.02"]
[SourceVersion "1"]
[SourceVersionDate "2017.03.02"]
[SourceQuality "1"]

1. d4 Nf6 2. Nf3 g6 3. c4 Bg7 4. Nc3 0-0 5. g3 d6 6. Bg2 Nc6 7. 0-0 a6 8. h3 e5 9. d5 Ne7 10. e4 h6 11. Be3 Nd7 12. b4 f5 13. c5 Nf6 14. cxd6 cxd6 15. exf5 Nxf5 16. Qd2 Nxe3 17. fxe3 Qb6 18. a3 Nh5 19. Kh2 a5 20. bxa5 Rxa5 21. e4 Bd7 22. Rfb1 Qa7 23. Rb3 g5 24. Rab1 b5 25. Nxb5 Bxb5 26. Rxb5 Rxa3 27. R5b3 Ra4 28. Rb4 Rc8 29. Qe2 Nf6 30. Rxa4 Qxa4 31. Nd2 Rc2 32. Qd3 Qa2 33. Rd1 h5 34. Kg1 g4 35. Kf1 Bh6 36. Ke1 gxh3 37. Bxh3 Rxd2 38. Rxd2 Qxd2+ 39. Qxd2 Bxd2+ 40. Kxd2 Nxe4+ 41. Ke3 Nf6 42. Be6+ Kf8 43. Kf3 Ke7 44. Ke3 Kd8 45. Kd3 Kc7 46. Bf7 Kb6 47. Kc4 Ka5 48. Bg6 Ka4 49. Bc2+ Ka3 50. Bd1 Kb2 51. Kb5 Kc1 52. Bf3 e4 53. Bg2 e3 54. Bf3 Kd2 55. Kc6 e2 56. Bxe2 Kxe2 57. Kxd6 Nxd5 0-1

[Event "Oceania zt 3.6"]
[Site "Auckland"]
[Date "2017.01.15"]
[Round "2"]
[White "Nylund, Timothy"]
[Black "Korenevski, Oleg"]
[Result "0-1"]
[WhiteElo "1346"]
[BlackElo "1782"]
[PlyCount "64"]
[EventDate "2017.01.14"]
[EventType "swiss"]
[EventRounds "9"]
[EventCountry "NZL"]
[SourceTitle "EXT 2018"]
[Source "ChessBase"]
[SourceDate "2017.10.13"]
[SourceVersion "1"]
[SourceVersionDate "2017.10.13"]
[SourceQuality "1"]

1. e4 e5 2. Nf3 Nc6 3. Bc4 Bc5 4. 0-0 Nf6 5. Nc3 0-0 6. d3 h6 7. Qe2 a6 8. Be3 d6 9. a3 Bg4 10. h3 Bh5 11. b4 Bd4 12. Bxd4 Nxd4 13. Qd1 Qd7 14. g4 Bxg4 15. hxg4 Qxg4+ 16. Kh1 Nxf3 17. Qxf3 Qxf3+ 18. Kg1 Ng4 19. Nd1 h5 20. Re1 h4 21. Re3 Nxe3 22. Nxe3 g5 23. Kf1 h3 24. Ke1 h2 25. Kd2 Qxf2+ 26. Kc3 Qxe3 27. Rb1 Qd4+ 28. Kb3 b5 29. c3 bxc4+ 30. dxc4 Qf2 31. Ka4 a5 32. bxa5 Rfb8 0-1

[Event "Wch Seniors 65 26th"]
[Site "Marianske Lazne"]
[Date "2016.11.23"]
[Round "5"]
[White "Korenevski, Oleg"]
[Black "Mohammadian, Mohammad"]
[Result "1/2-1/2"]
[WhiteElo "1823"]
[BlackElo "1683"]
[PlyCount "53"]
[EventDate "2016.11.19"]
[EventType "swiss"]
[EventRounds "11"]
[EventCountry "CZE"]
[SourceTitle "CBM 175 Extra"]
[Source "ChessBase"]
[SourceDate "2016.12.12"]
[SourceVersion "1"]
[SourceVersionDate "2016.12.12"]
[SourceQuality "1"]

1. e4 e5 2. Nf3 Nc6 3. Bc4 Bc5 4. c3 Nf6 5. b4 Bd6 6. d3 Ne7 7. h3 Ng6 8. Be3 c6 9. Nbd2 Bc7 10. a4 d5 11. Bb3 a6 12. a5 0-0 13. Qe2 h6 14. g4 dxe4 15. dxe4 b6 16. axb6 Bxb6 17. Nc4 Bxe3 18. Nxe3 Nh7 19. Nc4 Qc7 20. Nfd2 Be6 21. Ne3 Bxb3 22. Nxb3 Nf4 23. h4 Rfd8 24. Nc5 Qb6 25. 0-0 Nf6 26. f3 Nd7 27. Nc4 1/2-1/2

[Event "Oceania zt"]
[Site "Cammeray"]
[Date "2015.07.05"]
[Round "3"]
[White "Korenevski, Oleg"]
[Black "Crossman, Tom"]
[Result "0-1"]
[WhiteElo "1940"]
[BlackElo "1828"]
[PlyCount "58"]
[EventDate "2015.07.04"]
[EventType "swiss"]
[EventRounds "9"]
[EventCountry "AUS"]
[SourceTitle "CBM 167 Extra"]
[Source "ChessBase"]
[SourceDate "2015.09.14"]
[SourceVersion "1"]
[SourceVersionDate "2015.09.14"]
[SourceQuality "1"]

1. e4 c5 2. b3 g6 3. Bb2 Nf6 4. e5 Ng8 5. e6 Nf6 6. exf7+ Kxf7 7. Nf3 Bh6 8. Ne5+ Kg8 9. Ng4 Bg7 10. Nxf6+ Bxf6 11. Bxf6 exf6 12. Qf3 d5 13. Nc3 d4 14. Ne4 f5 15. Bc4+ Kg7 16. Ng3 Re8+ 17. Ne2 Nc6 18. Kf1 Ne5 19. Qd5 Nxc4 20. Qxc4 Qd6 21. Qd3 b6 22. c4 Bb7 23. f3 Re6 24. Kf2 Rf8 25. Rae1 Be4 26. Nxd4 cxd4 27. Qe2 Bd5 28. Qd3 Rxe1 29. Qxd4+ Qe5 0-1

[Event "Wch Seniors 65 24th"]
[Site "Katerini"]
[Date "2014.10.26"]
[Round "3"]
[White "Yakovlev, Yuri S"]
[Black "Korenevski, Oleg"]
[Result "0-1"]
[WhiteElo "1992"]
[BlackElo "1915"]
[PlyCount "80"]
[EventDate "2014.10.24"]
[EventType "swiss"]
[EventRounds "11"]
[EventCountry "GRE"]
[SourceTitle "EXT 2015"]
[Source "ChessBase"]
[SourceDate "2014.11.20"]
[SourceVersion "1"]
[SourceVersionDate "2014.11.20"]
[SourceQuality "1"]

1. e4 e5 2. Nf3 Nc6 3. Bc4 Bc5 4. c3 Nf6 5. d4 exd4 6. e5 d5 7. Bb5 Ne4 8. cxd4 Bb6 9. h3 0-0 10. 0-0 f6 11. exf6 Qxf6 12. Nc3 Nxc3 13. bxc3 Bxh3 14. Bd3 Bf5 15. Bg5 Qg6 16. Bxf5 Rxf5 17. Be3 Qg4 18. Nh2 Qxd1 19. Raxd1 Na5 20. g4 Rf7 21. Kg2 Nc4 22. Nf3 Raf8 23. Ng5 Nxe3+ 24. fxe3 Rxf1 25. Rxf1 Rxf1 26. Kxf1 Ba5 27. Ne6 Kf7 28. Nf4 c6 29. Ne2 Kf6 30. Kg2 Kg5 31. Kf3 g6 32. Kg3 h5 33. gxh5 gxh5 34. Kf3 h4 35. e4 dxe4+ 36. Kxe4 Kg4 37. Ke3 h3 38. Kf2 b5 39. Kf1 Kf3 40. Ng1+ Ke3 0-1

[Event "Wch Seniors 23rd"]
[Site "Opatija"]
[Date "2013.11.14"]
[Round "3"]
[White "Korenevski, Oleg"]
[Black "Norman, Kenneth I"]
[Result "1/2-1/2"]
[WhiteElo "1880"]
[BlackElo "2173"]
[PlyCount "75"]
[EventDate "2013.11.12"]
[EventType "swiss"]
[EventRounds "11"]
[EventCountry "CRO"]
[SourceTitle "CBM 157 Extra"]
[Source "ChessBase"]
[SourceDate "2013.12.19"]
[SourceVersion "1"]
[SourceVersionDate "2013.12.19"]
[SourceQuality "1"]

1. e4 e5 2. Nf3 Nc6 3. Nc3 g6 4. d4 exd4 5. Nxd4 Bg7 6. Be3 d6 7. Bc4 Nf6 8. f3 0-0 9. Qd2 Ne5 10. Bb3 c5 11. Ndb5 c4 12. Ba4 d5 13. Bc5 a6 14. Nd4 b5 15. Bxf8 Kxf8 16. Ndxb5 axb5 17. Bxb5 Bb7 18. 0-0-0 Qb6 19. exd5 Ba6 20. Bxa6 Qxa6 21. d6 Ned7 22. Rhe1 Rb8 23. Re7 Kg8 24. Rde1 h5 25. g4 hxg4 26. fxg4 Nxg4 27. Re8+ Rxe8 28. Rxe8+ Kh7 29. Kd1 Qb6 30. Qf4 Nge5 31. Ne4 Qg1+ 32. Ke2 Qg2+ 33. Nf2 Bh6 34. Qh4 Qf3+ 35. Kf1 Qe3 36. Qd8 Bg7 37. Qh4+ Bh6 38. Qd8 1/2-1/2

[Event "Wch Seniors 23rd"]
[Site "Opatija"]
[Date "2013.11.13"]
[Round "2"]
[White "Taksrud, Vidar"]
[Black "Korenevski, Oleg"]
[Result "0-1"]
[WhiteElo "2063"]
[BlackElo "1880"]
[PlyCount "152"]
[EventDate "2013.11.12"]
[EventType "swiss"]
[EventRounds "11"]
[EventCountry "CRO"]
[SourceTitle "CBM 157 Extra"]
[Source "ChessBase"]
[SourceDate "2013.12.19"]
[SourceVersion "1"]
[SourceVersionDate "2013.12.19"]
[SourceQuality "1"]

1. d4 Nf6 2. c4 e6 3. Nf3 b6 4. g3 Bb7 5. Bg2 c5 6. d5 exd5 7. Nh4 g6 8. Nc3 Bg7 9. 0-0 0-0 10. cxd5 d6 11. e4 Nbd7 12. Re1 Ne8 13. Qc2 Nc7 14. a4 a5 15. Bd2 Ba6 16. f4 Bd4+ 17. Be3 Qf6 18. Nf3 Bxe3+ 19. Rxe3 Rfe8 20. Rae1 Qd8 21. e5 dxe5 22. fxe5 Nf8 23. d6 Nce6 24. Nd5 Nd7 25. Ne7+ Rxe7 26. dxe7 Qxe7 27. Qe4 Rb8 28. Rd1 Bb7 29. Qh4 Qxh4 30. Nxh4 Bxg2 31. Kxg2 Rb7 32. Nf3 Kf8 33. h4 h5 34. b3 Ke8 35. Re4 Ke7 36. Kf2 Ke8 37. Ke3 Ke7 38. Rf1 Rb8 39. Ng5 Nxg5 40. hxg5 Ke6 41. Rd1 b5 42. Rd6+ Ke7 43. Ra6 bxa4 44. bxa4 Rb3+ 45. Kf4 Rb1 46. Rxa5 Rf1+ 47. Ke3 Rf5 48. e6 fxe6 49. Ra6 Nf8 50. Rf4 Re5+ 51. Kd3 Nd7 52. Rc6 Rxg5 53. Rc8 Rxg3+ 54. Kc4 Nb6+ 55. Kxc5 Nxc8 56. a5 Ra3 57. Kb4 Ra1 58. Re4 Kd7 59. Rf4 Kd6 60. Rc4 Na7 61. Rd4+ Ke5 62. Rc4 Kd5 63. Rc5+ Kd6 64. Rg5 Nc6+ 65. Kc3 Ne5 66. Kb4 h4 67. Rg2 Nc6+ 68. Kc3 h3 69. Rh2 Rxa5 70. Kd3 g5 71. Ke4 g4 72. Kf4 Ra4+ 73. Kg3 Ne5 74. Rd2+ Ke7 75. Re2 Ra3+ 76. Kh4 h2 0-1

[Event "Queensland-ch"]
[Site "Brisbane"]
[Date "2013.10.07"]
[Round "8"]
[White "Korenevski, Oleg"]
[Black "Liu, Yi"]
[Result "0-1"]
[WhiteElo "1868"]
[BlackElo "2174"]
[PlyCount "54"]
[EventDate "2013.10.03"]
[EventType "swiss"]
[EventRounds "9"]
[EventCountry "AUS"]
[SourceTitle "CBM 157 Extra"]
[Source "ChessBase"]
[SourceDate "2013.12.19"]
[SourceVersion "1"]
[SourceVersionDate "2013.12.19"]
[SourceQuality "1"]

1. e4 e6 2. Qe2 c5 3. f4 Nc6 4. Nf3 Nf6 5. g3 d5 6. e5 Nd7 7. d3 b5 8. a4 b4 9. c4 bxc3 10. Nxc3 Ba6 11. Qc2 Qb6 12. Be2 Rb8 13. Kf1 f6 14. exf6 Nxf6 15. Kg2 Bd6 16. Nd1 0-0 17. Nf2 e5 18. fxe5 Nxe5 19. a5 Qc6 20. d4 Bxe2 21. Nxe5 Bxe5 22. dxe5 d4+ 23. Kg1 Ng4 24. Qe4 Qxe4 25. Nxe4 Rf1+ 26. Kg2 Rxh1 27. h3 Rh2+ 0-1

[Event "Queensland-ch"]
[Site "Brisbane"]
[Date "2013.10.05"]
[Round "4"]
[White "Korenevski, Oleg"]
[Black "Louie, Jared"]
[Result "1-0"]
[WhiteElo "1868"]
[BlackElo "1766"]
[PlyCount "133"]
[EventDate "2013.10.03"]
[EventType "swiss"]
[EventRounds "9"]
[EventCountry "AUS"]
[SourceTitle "CBM 157 Extra"]
[Source "ChessBase"]
[SourceDate "2013.12.19"]
[SourceVersion "1"]
[SourceVersionDate "2013.12.19"]
[SourceQuality "1"]

1. e4 c5 2. b3 Nc6 3. Bb2 d6 4. Nf3 Nf6 5. Nc3 e6 6. g3 Be7 7. Bg2 0-0 8. d4 cxd4 9. Nxd4 a6 10. 0-0 Qc7 11. Kh1 Nxd4 12. Qxd4 Bd7 13. Rac1 Bc6 14. Ne2 b5 15. c4 Qb7 16. f3 b4 17. Qd2 e5 18. Rcd1 a5 19. Nc1 a4 20. Nd3 Rab8 21. Bc1 Nd7 22. Qe2 f5 23. Bd2 fxe4 24. fxe4 Rxf1+ 25. Rxf1 Nf6 26. Re1 Qa8 27. Bxb4 Nd7 28. Qg4 Nf8 29. Qd1 Ne6 30. Bc3 axb3 31. axb3 Qa2 32. Nc1 Qb1 33. b4 Ra8 34. b5 Bb7 35. Nb3 Qxd1 36. Rxd1 Ra4 37. Na5 Ba8 38. Ra1 Nc5 39. Rxa4 Nxa4 40. Bb4 Nb6 41. Kg1 Kf7 42. Kf2 Ke6 43. Bh3+ Kf7 44. Ke3 h5 45. Kd3 g5 46. Bf5 h4 47. gxh4 gxh4 48. Be1 Na4 49. Nb3 Nc5+ 50. Nxc5 dxc5 51. Ke3 Bb7 52. Kf3 Bf6 53. Kg4 Ke7 54. Bxh4 Bxh4 55. Kxh4 Kf6 56. Kg4 Ba8 57. h4 Bb7 58. h5 Ba8 59. h6 Bb7 60. h7 Kg7 61. Kg5 Kh8 62. Bg6 Bc8 63. Bf5 Bb7 64. Kf6 Bxe4 65. Kxe5 Bb7 66. Kd6 Ba8 67. Kxc5 1-0

[Event "Queensland-ch"]
[Site "Brisbane"]
[Date "2012.09.27"]
[Round "1"]
[White "McClymont, Brodie"]
[Black "Korenevski, Oleg"]
[Result "1-0"]
[WhiteElo "2144"]
[BlackElo "1888"]
[PlyCount "43"]
[EventDate "2012.09.27"]
[EventType "swiss"]
[EventRounds "9"]
[EventCountry "AUS"]
[SourceTitle "EXT 2013"]
[Source "ChessBase"]
[SourceDate "2012.11.22"]
[SourceVersion "1"]
[SourceVersionDate "2012.11.22"]
[SourceQuality "1"]

1. e4 e5 2. Nf3 Nc6 3. Bb5 Nf6 4. Qe2 Nd4 5. Nxd4 exd4 6. 0-0 Bc5 7. e5 Ng8 8. e6 Qe7 9. exd7+ Bxd7 10. Bxd7+ Kxd7 11. Qf3 c6 12. c3 Nf6 13. d3 Rae8 14. Nd2 dxc3 15. bxc3 Bd6 16. Rb1 Qe5 17. Rxb7+ Kd8 18. g3 Qxc3 19. Ne4 Bc5 20. Bd2 Qd4 21. Ba5+ Bb6 22. Ng5 1-0

[Event "Queensland-ch"]
[Site "Gold Coast"]
[Date "2011.06.09"]
[Round "1"]
[White "Liu, Yi"]
[Black "Korenevski, Oleg"]
[Result "1/2-1/2"]
[WhiteElo "2011"]
[BlackElo "1918"]
[PlyCount "104"]
[EventDate "2011.06.09"]
[EventType "swiss"]
[EventRounds "9"]
[EventCountry "AUS"]
[SourceTitle "CBM 142 Extra"]
[Source "ChessBase"]
[SourceDate "2011.06.27"]
[SourceVersion "1"]
[SourceVersionDate "2011.06.27"]
[SourceQuality "1"]

1. d4 e6 2. e4 d5 3. Nc3 dxe4 4. Nxe4 Bd7 5. Nf3 Bc6 6. Bd3 Nd7 7. 0-0 Ngf6 8. Ng3 Be7 9. Re1 Bxf3 10. Qxf3 c6 11. Bd2 0-0 12. Rad1 Re8 13. c4 Qc7 14. Bc3 Nf8 15. Ne4 Nxe4 16. Qxe4 Ng6 17. g3 Rad8 18. h4 Bf6 19. h5 Nf8 20. Qf3 h6 21. Be4 Nh7 22. Qe3 a6 23. a4 b6 24. f4 c5 25. Qd3 Nf8 26. d5 Bxc3 27. Qxc3 a5 28. Kf2 Rd6 29. Rd3 Red8 30. Rde3 Qd7 31. b3 exd5 32. Bxd5 Qh3 33. Re7 Rxd5 34. cxd5 Qh2+ 35. Kf1 Qh1+ 36. Kf2 Qh2+ 37. Kf3 Qxh5+ 38. Kg2 Qxd5+ 39. Qf3 Qxf3+ 40. Kxf3 Ne6 41. Re3 g6 42. Rb7 Rd6 43. Ke4 Kg7 44. Ke5 Rc6 45. Kd5 Nd4 46. Rd3 Re6 47. Rd7 Nc6 48. Kc4 Nd4 49. Kd5 Nc6 50. Rc3 h5 51. Kc4 Nd4 52. Rd5 Kf6 1/2-1/2